Rappeur français avec un titre 5 - Statistiques

Statistiques générales
  • Ce quiz a été pris 2 217 fois
  • Le résultat moyen est 8 sur 15
Statistiques - réponses
Titre Rappeur % Correct
Réseau Niska
99%
Tchoin Kaaris
86%
Autobahn SCH
85%
Air Max (ft Ninho) Rim'K
80%
Dybala Maes
73%
Nique la bac Lorenzo
64%
C'est mon sang (ft Sofian) RK
62%
1000° (ft Roméo Elvis) Lomepal
61%
La quête Orelsan
59%
Filtré (ft gazo) Timal
59%
Autotune Damso
50%
Malade Roméo elvis
18%
La dernière fois que je parle de toi Kik
17%
Du disque dur au disque d'or Bigflo & Oli
9%
Pepsi Caballero et jeanjass
3%
Aucun quiz correspondant
Distribution des résultats
% des personnes avec chaque résultat
Percentile par nombre de réponses
Votre historique - résultats
Vous n’avez pas pris ce quiz